000 00572cam a2200193 4500
001 000019194
005 20200929165940.0
008 740307s1973 xxca r 001 0 eng
020 _a0195402073
020 _a0195402065 (pbk.)
040 _aDO-SdBNP
_bspa
_cBNPHU
082 _axxxx
_bR353a
100 1 _aReid, Dennis R.
_941304
245 1 2 _aA concise history of canadian painting /
_cDennis Reid.
260 _aToronto, Canada :
_bOxford University Press,
_c1973.
300 _a319 p. :
_bil. ;
_c22 cm.
500 _aIncluye índice
590 _aInventariado, 2019/BT
999 _c18712
_d18712